Comentarios a la Constitucin̤ Espaǫla de 1978 Tomo X - Articulos 128 a 142 de la Constitucion Espaǫla de 1978

Bibliographic Details
Corporate Author: Espaą. Cortes Generales (ed)
Other Authors: Alzaga Villaamil, Oscar (Conductor), Quadra-Salcedo, Toms̀ de la
Format: Unknown
Language:Spanish
Published: [Madrid] : Cortes Generales : EDERSA, cop. 1998
Subjects:
Online Access:Acceso restringido

MARC

LEADER 00000ny a22000003n 4500
005 20110526141324.0
008 990127s1998 sp s 000 0 spa c
017 |a D.L. M40346-1996 
020 |a 8471309262 
035 |a 1640 
040 |a UMA.RE  |d vLex 
040 |a UMA.RLB  |d vLex 
080 |a 342.4(460) 
090 |c 294  |d 294 
245 0 0 |a Comentarios a la Constitucin̤ Espaǫla de 1978  |h [Recurso electrn̤ico]  |c dirigidos por Oscar Alzaga Villaamil. / Toms̀ de la Quadra-Salcedo ...[et al.]  |p Tomo X - Articulos 128 a 142 de la Constitucion Espaǫla de 1978 
256 |a Servicio en ln̕ea 
260 |a [Madrid] :  |b Cortes Generales :  |b EDERSA,  |c cop. 1998 
300 |a 570 p. ; 
506 1 |a Contenido solo disponible en los productos indicados  |d vLex Global  |d vLex Global (Academic Edition, excluding Law Schools)  |d vLex Global (U.S. Academic Edition, Law Schools)  |d vLex Global (U.S. Academic Edition, excluding Law Schools)  |d vLex Global (Academic Edition, Law Schools) 
650 0 4 |2 Tesauro vLex  |a Constitucional 
650 0 4 |2 Tesauro vLex  |a Derechos fundamentales 
700 1 |a Alzaga Villaamil, Oscar,  |e dir 
700 1 |a Quadra-Salcedo, Toms̀ de la 
710 1 |a Espaą.  |b Cortes Generales,  |e ed 
740 0 |a vLex Libros (Servicios en ln̕ea) 
856 4 0 |z Acceso restringido  |u http://vlex.com/source/constitucion-espa-ola-comentarios-tomo-x-1640 
942 |c BOOK